000 00327nam a22001457a 4500
008 221114b ||||| |||| 00| 0 eng d
020 _a0393301540
041 _aeng
080 _a159.9
082 _a159.9 GOD
100 _a25
101 _aPSI
245 _aSCIENTISTS CONFRONT CREATIONISM
_cGODFREY R.L
942 _2udc
_cBK
999 _c58890
_d58890